Ecology
Spremljeno u:
| Glavni autor: | |
|---|---|
| Format: | Knjiga |
| Jezik: | Undetermined |
| Izdano: |
New York
W.H. Freeman and Co
1990
|
| Teme: | |
| Oznake: |
Dodaj oznaku
Bez oznaka, Budi prvi tko označuje ovaj zapis!
|
| Thư viện lưu trữ: | Trung tâm Học liệu Trường Đại học Cần Thơ |
|---|
| LEADER | 00476nam a2200181Ia 4500 | ||
|---|---|---|---|
| 001 | CTU_19970 | ||
| 008 | 210402s9999 xx 000 0 und d | ||
| 082 | |a 574.5 | ||
| 082 | |b R539 | ||
| 100 | |a Robert E Ricklifs | ||
| 245 | 0 | |a Ecology | |
| 245 | 0 | |c Robert E Ricklifs | |
| 260 | |a New York | ||
| 260 | |b W.H. Freeman and Co | ||
| 260 | |c 1990 | ||
| 650 | |a ecology | ||
| 904 | |i Nguyễn Quang Điền, 960601 | ||
| 980 | |a Trung tâm Học liệu Trường Đại học Cần Thơ | ||